=LDR 00000nam 2200000 4500 =001 INLIS000000000054086 =990 ##$$a 31900161 =005 20190524075154 =035 ##$$a 0010-0519000148 =007 ta =008 190524###########################0#ind## =020 ##$$a 978-602-6799-12-8 =082 ##$$a 899.221 3 =084 ##$$a 899.221 3 KHR n =100 #$$a Khrisna Pabichara =245 1#$$a Natisha : $b Persembahan terakhir /$c Khrisna Pabichara =250 ##$$a Cet 1 =260 ##$$a Banten :$b Javanica,$c 2016 =300 ##$$a 421 hlm ; $c 21 Cm. =650 ##$$a Fiksi indonesia =700 #$$a Penyunting, Shalahuddin Gh =990 ##$$a 10571057 =990 ##$$a 31900161